| 000 | 00606nam a2200205Ia 4500 | ||
|---|---|---|---|
| 008 | 241004s9999 xx 000 0 und d | ||
| 020 | _a9788195555567 | ||
| 037 | _aTextbook | ||
| 040 |
_aARTS _beng _cARTS |
||
| 041 |
_aeng _2eng |
||
| 084 |
_aR631 R2 _qARTS |
||
| 100 |
_aKeith A. Berriedale Au.; Kumar S. Vijay Ed. _9724714 |
||
| 245 |
_aSamkhya system _cKeith A. Berriedale Au.; Kumar S. Vijay Ed. |
||
| 260 |
_aIndia _bVaranasi Prachya Vidya Bhawan _c2018 |
||
| 300 | _a142p. | ||
| 365 |
_aINR _b700 |
||
| 650 | _aPhilosophy | ||
| 942 |
_cTB _hR631 R2 |
||
| 999 |
_c1218868 _d1218868 |
||